00687nam a22002417a 4500003000200000005001700002008000200019010001300021020002300034035003300057037001600090040001500106082001300121100002200134245006400156250001100220260005000231270004300281300002700324500005000351650001300401650003100414020180810113712.00 aB-091548 c650.00a8121510678 aB-091548, B-091549, B-091552 bCen Lib/Ret aDPLbENc0 a250bBAR aBarua,Dipak Kumar aAn analytical study of four Nikayas /cby Dipak Kumar Barua a2nd ed aNew DelhibMunshi Manoharlal Publishersc2003 a54,Rani Jhansi RoadbNew Delhie110055 axvii, 626p. c21cm(Hb) aIncludes bibliographical reference and index  aBuddhist aTipiṭaka.--Suttapiṭaka